000 00596cam a22002173a 4500
001 38846
003 PGUSA
005 20140828083846.0
008 120212s2012||||xxu|||||s|||||000 | eng d
040 _aPGUSA
_beng
042 _adc
100 1 _aLynde, Francis,
_d1856-1930
245 1 4 _aThe Wreckers
_h[electronic resource] /
_cFrancis Lynde
260 _bProject Gutenberg,
_c2012
506 _aPublic domain in the USA.
516 _aElectronic text
700 1 _aBecher, Arthur E.
830 0 _aProject Gutenberg
_v38846
856 4 0 _uhttp://www.gutenberg.org/ebooks/38846
942 _cEB
999 _c268100
_d268100